000 00603cas a22002175a 4500
001 L334
008 070713d19541998xxuqr p 0 a0eng
022 1 _a0042-238X
035 _a(Sirsi) u98954
041 0 _aeng
110 2 _aAmerican Society of Appraisers
_9308
245 0 0 _aValuation
260 _aWashington D.C.
_bAmerican Society of Appraisers
_c1954-1998
362 0 _a16(4) 1969-40(1) June 1996
554 _aFour per year
651 4 _aUnited States
_y1959-
690 _aPROPERTY-PROPERTY VALUATION AND APPRAISAL
785 0 0 _tASA Professional
942 _n0
948 _c20/01/1995
999 _c118596
_d118596